[Event "Open Inverno"]
[Site "Ceriano Laghetto ITA"]
[Date "2008.02.26"]
[Round "4"]
[White "Santarelli, Sabatino"]
[Black "Regorda, Vittorio"]
[Result "0-1"]
[WhiteElo "1593"]
[BlackElo "1863"]
[PlyCount "64"]
[EventDate "2008.02.05"]

1.e4 c6 2.d4 d5 3.e5 Bf5 4.Nf3 e6 5.Bd3 Bxd3 6.Qxd3 Nd7 7.O-O Qc7 8.a4 Ne7
9.Nbd2 c5 10.c3 Nc6 11.Re1 Be7 12.Nf1 c4 13.Qc2 Na5 14.Bg5 Nb3 15.Rab1 Qa5
16.Bxe7 Kxe7 17.Ng5 h6 18.Nh3 Rag8 19.f4 g6 20.Kh1 Kd8 21.Qf2 Kc8 22.Nd2 
Qxa4 23.Nxb3 Qxb3 24.Ra1 a6 25.Ra3 Qb6 26.Rb1 Qc6 27.b3 b5 28.Rba1 Nb8 29.
bxc4 bxc4 30.Qf3 Kb7 31.Rf1 Rd8 32.Nf2 Nd7 0-1

[Event "Open Inverno"]
[Site "Ceriano Laghetto ITA"]
[Date "2008.02.26"]
[Round "4"]
[White "Schingaro, Angelo"]
[Black "Guzzetti, Luigi Enrico"]
[Result "1/2-1/2"]
[WhiteElo "1683"]
[BlackElo "1933"]
[PlyCount "69"]
[EventDate "2008.02.05"]

1.e4 c5 2.Nf3 e6 3.d4 cxd4 4.Nxd4 a6 5.Bd3 Qc7 6.Nc3 Nf6 7.O-O b5 8.Kh1 
Bb7 9.f3 Bc5 10.Nb3 Ba7 11.Qe2 d6 12.a4 b4 13.Na2 a5 14.Be3 Bxe3 15.Qxe3 
Nbd7 16.c4 O-O 17.Nac1 d5 18.cxd5 exd5 19.e5 Ne4 20.Ne2 Qb6 21.Ned4 Rfc8 
22.Rfc1 Nec5 23.Nxc5 Nxc5 24.Nf5 Kh8 25.Nd6 Rc6 26.Nxb7 Nxd3 27.Qxd3 Qxb7 
28.Rd1 Rc4 29.g3 g6 30.f4 d4+ 31.Kg1 Rac8 32.Ra2 Qc6 33.b3 Rc1 34.Rxc1 
Qxc1+ 35.Kg2 1/2-1/2

[Event "Open Inverno"]
[Site "Ceriano Laghetto ITA"]
[Date "2008.02.26"]
[Round "4"]
[White "Zampar, Andrea"]
[Black "Viale, Fabio"]
[Result "0-1"]
[WhiteElo "1481"]
[BlackElo "1809"]
[PlyCount "114"]
[EventDate "2008.02.05"]

1.d4 Nf6 2.c4 e6 3.Nf3 b6 4.Bg5 Be7 5.e3 O-O 6.Nc3 Bb7 7.Bxf6 Bxf6 8.Bd3 
c5 9.d5 Bxc3+ 10.bxc3 Qf6 11.Qc2 exd5 12.cxd5 Bxd5 13.e4 Bb7 14.O-O-O Qf4+
15.Rd2 c4 16.Bxc4 Bxe4 17.Bd3 Bxf3 18.gxf3 g6 19.Be4 Nc6 20.Rd1 Rad8 21.
Kb1 Ne5 22.Rd4 Nxf3 23.Bxf3 Qxf3 24.Rxd7 Rxd7 25.Rxd7 Re8 26.Rd2 Re1+ 27.
Kb2 Qc6 28.a4 Re4 29.Rd4 Rxd4 30.cxd4 Qxc2+ 31.Kxc2 Kf8 32.Kc3 Ke7 33.Kc4 
a6 34.Kd5 Kd7 35.Ke5 b5 36.axb5 axb5 37.Kd5 b4 38.Kc4 g5 39.Kxb4 Kd6 40.
Kc3 f5 41.Kd3 Kd5 42.f3 h6 43.h3 h5 44.Ke3 Kc4 45.f4 g4 46.h4 g3 47.Kf3 
Kxd4 48.Kxg3 Ke3 49.Kg2 Kxf4 50.Kf2 Kg4 51.Ke3 f4+ 52.Kf2 f3 53.Kg1 Kxh4 
54.Kh2 Kg4 55.Kg1 Kg3 56.Kh1 Kf2 57.Kh2 Ke1 0-1

[Event "Open Inverno"]
[Site "Ceriano Laghetto ITA"]
[Date "2008.03.04"]
[Round "5"]
[White "Bencivenga, Antonio"]
[Black "Cervini, Gian Piero"]
[Result "0-1"]
[WhiteElo "1332"]
[BlackElo "1767"]
[PlyCount "102"]
[EventDate "2008.02.05"]

1.d4 Nf6 2.Nc3 g6 3.e4 d6 4.h3 Bg7 5.Nf3 c6 6.Bc4 b5 7.Bb3 b4 8.Nb1 Nxe4 
9.O-O O-O 10.c3 bxc3 11.Nxc3 Nxc3 12.bxc3 Na6 13.Bb2 c5 14.d5 Bb7 15.Rb1 
Qc7 16.c4 Nb8 17.Bxg7 Kxg7 18.Ng5 Nd7 19.f4 Nf6 20.f5 h6 21.Nf3 gxf5 22.
Nh4 Bc8 23.Nxf5+ Bxf5 24.Rxf5 e6 25.Rxf6 Kxf6 26.Qf3+ Ke7 27.Re1 Rae8 28.
Ba4 Rb8 29.Rf1 f6 30.dxe6 Qa5 31.Qc6 Rfd8 32.Bb3 Kxe6 33.Qe4+ Kd7 34.Rxf6 
Kc7 35.Rxh6 Qd2 36.Rh7+ Kb6 37.Qe7 Qd4+ 38.Kh2 Qe5+ 39.Qxe5 dxe5 40.Rh4 
Rd2 41.Re4 Rg8 42.Rg4 Rxg4 43.hxg4 Kc6 44.g5 Kd6 45.g6 Ke6 46.Ba4 Kf6 47.
Be8 Rxa2 48.Kg1 Rc2 49.Bf7 a5 50.g4 a4 51.g5+ Kg7 0-1

[Event "Open Inverno"]
[Site "Ceriano Laghetto ITA"]
[Date "2008.03.04"]
[Round "5"]
[White "Bertuolo, Sergio"]
[Black "Napoli, Ferdinando"]
[Result "0-1"]
[WhiteElo "1523"]
[BlackElo "1802"]
[PlyCount "102"]
[EventDate "2008.02.05"]

1.e4 c5 2.Nf3 d6 3.d4 cxd4 4.Nxd4 Nf6 5.Nc3 a6 6.Be2 e6 7.f4 Qc7 8.a4 Nc6 
9.Be3 Be7 10.O-O b6 11.Nxc6 Qxc6 12.Bf3 e5 13.f5 Bb7 14.Qe1 Qc7 15.Qf2 Bd8
16.Kh1 Rc8 17.Rac1 O-O 18.Qg3 Nd7 19.Nd5 Bxd5 20.exd5 Nc5 21.f6 Bxf6 22.
Bxc5 bxc5 23.Be2 Qe7 24.Bxa6 Rb8 25.b3 e4 26.Qg4 g6 27.Rce1 e3 28.Qf3 Bd4 
29.c3 Bxc3 30.Rxe3 Be5 31.Bc4 Kg7 32.Qe2 f5 33.Ref3 Rf6 34.a5 Qc7 35.a6 
Qa5 36.R3f2 Rf7 37.Qa2 Qxa2 38.Rxa2 Rd7 39.a7 Ra8 40.g3 Rdxa7 41.Rxa7+ 
Rxa7 42.Rf3 Ra2 43.b4 Ra1+ 44.Rf1 Rxf1+ 45.Bxf1 cxb4 46.Bc4 Kf6 47.Kg2 Bb2
48.Kf3 Ke5 49.h3 Kd4 50.Ba2 Bc1 51.Bb3 Kc3 0-1

[Event "Open Inverno"]
[Site "Ceriano Laghetto ITA"]
[Date "2008.03.04"]
[Round "5"]
[White "Gagliardi, Christian"]
[Black "Conta, Diego"]
[Result "1-0"]
[WhiteElo "2186"]
[BlackElo "1890"]
[PlyCount "49"]
[EventDate "2008.02.05"]

1.c4 e6 2.Nf3 Nf6 3.g3 c6 4.Bg2 d5 5.O-O Be7 6.d4 dxc4 7.Nc3 b5 8.Ne5 Nd5 
9.e4 Nxc3 10.bxc3 Qc7 11.Qg4 O-O 12.Bh6 Bf6 13.Bf4 Qe7 14.Nxc6 Nxc6 15.e5 
Bb7 16.exf6 Qxf6 17.Rab1 Qe7 18.Rxb5 Rab8 19.Bxb8 Rxb8 20.Rfb1 Nd8 21.Bxb7
Rxb7 22.Rxb7 Nxb7 23.Qe4 Nd6 24.Rb8+ Ne8 25.Qc6 1-0

[Event "Open Inverno"]
[Site "Ceriano Laghetto ITA"]
[Date "2008.03.04"]
[Round "5"]
[White "Guzzetti, Luigi Enrico"]
[Black "Morandi, Daniele"]
[Result "0-1"]
[WhiteElo "1933"]
[BlackElo "1999"]
[PlyCount "90"]
[EventDate "2008.02.05"]

1.e4 e5 2.Nf3 Nc6 3.Bb5 a6 4.Ba4 Nf6 5.O-O Be7 6.Re1 b5 7.Bb3 d6 8.h3 O-O 
9.c3 Na5 10.Bc2 c5 11.d4 Qc7 12.d5 c4 13.Nbd2 Nb7 14.Nf1 Nc5 15.Ng3 a5 16.
Nh4 b4 17.Nhf5 Rb8 18.Qe2 b3 19.Bb1 a4 20.Nxe7+ Qxe7 21.Be3 Qc7 22.axb3 
cxb3 23.Bxc5 dxc5 24.Bd3 Bd7 25.Nf5 g6 26.d6 Qb6 27.Ne3 Qxd6 28.Red1 Qe7 
29.Qf3 Bc6 30.Nc4 Rbc8 31.Nb6 Rc7 32.c4 Rb8 33.Nd5 Bxd5 34.cxd5 Ne8 35.Bc4
Nd6 36.Qd3 Rb4 37.Rdc1 a3 38.Rab1 a2 39.Ra1 Rcb7 40.f3 Qg5 41.Ba6 Rd4 42.
Qf1 Rc7 43.Bc4 Rd2 44.Bxb3 Qe3+ 45.Kh1 Qxb3 0-1

[Event "Open Inverno"]
[Site "Ceriano Laghetto ITA"]
[Date "2008.03.04"]
[Round "5"]
[White "Marelli, Vittorio"]
[Black "Zampar, Andrea"]
[Result "1/2-1/2"]
[WhiteElo "1439"]
[BlackElo "1481"]
[PlyCount "49"]
[EventDate "2008.02.05"]

1.e4 c5 2.Nf3 Nc6 3.Bb5 d6 4.Bxc6+ bxc6 5.O-O Nf6 6.Re1 e5 7.d3 Be7 8.Nc3 
O-O 9.h3 h6 10.Ne2 Ne8 11.c3 f5 12.exf5 Bxf5 13.Ng3 Bg6 14.Qb3+ Rf7 15.Re3
Nc7 16.c4 Ne6 17.Qb7 Bg5 18.Qxc6 Bxe3 19.Bxe3 Bxd3 20.Nxe5 dxe5 21.Qxe6 
Qc7 22.Rd1 Rd8 23.b3 Qb6 24.Qxe5 Qc7 25.Qe6 1/2-1/2

[Event "Open Inverno"]
[Site "Ceriano Laghetto ITA"]
[Date "2008.03.04"]
[Round "5"]
[White "Moioli, Ferruccio"]
[Black "Clerici, Samuele"]
[Result "1-0"]
[WhiteElo "1566"]
[BlackElo "1608"]
[PlyCount "63"]
[EventDate "2008.02.05"]

1.d4 d5 2.Nc3 Nf6 3.Bg5 Nbd7 4.Nf3 e6 5.e4 dxe4 6.Nxe4 Be7 7.Ng3 O-O 8.Bd3
c5 9.O-O Qb6 10.Rb1 cxd4 11.Nxd4 Nc5 12.c3 Nxd3 13.Qxd3 Rd8 14.Qc2 Qc5 15.
Be3 Qc7 16.Qb3 a6 17.Nf3 b5 18.Rfe1 Bb7 19.Nd4 Bd6 20.Bg5 Bd5 21.Qd1 Bxa2 
22.Bxf6 gxf6 23.Qg4+ Kf8 24.Ra1 Bxg3 25.hxg3 Bd5 26.Qh4 Ke7 27.Re3 Qb7 28.
Nf3 Rh8 29.Rd1 Rac8 30.Qh5 b4 31.Rxd5 f5 32.Qg5+ 1-0

[Event "Open Inverno"]
[Site "Ceriano Laghetto ITA"]
[Date "2008.03.04"]
[Round "5"]
[White "Mondini, Francesco"]
[Black "Isella, Lorenzo"]
[Result "0-1"]
[WhiteElo "1448"]
[BlackElo "1931"]
[PlyCount "72"]
[EventDate "2008.02.05"]

1.e4 c6 2.d4 d5 3.e5 Bf5 4.Nc3 e6 5.h4 h6 6.g4 Bh7 7.Bd3 Bxd3 8.Qxd3 h5 9.
g5 Ne7 10.Nge2 g6 11.Ng3 Qb6 12.a3 Qa6 13.Be3 Qxd3 14.cxd3 Nd7 15.Nce2 c5 
16.f4 Nc6 17.Kd2 cxd4 18.Nxd4 Nxd4 19.Bxd4 Nc5 20.Bxc5 Bxc5 21.Rac1 Bb6 
22.Ne2 Kd7 23.Rc3 Rhc8 24.Rhc1 Rxc3 25.Rxc3 Rc8 26.d4 Rc6 27.Kd3 Ba5 28.b4
Bd8 29.Rc5 Be7 30.Rc2 a5 31.Rc5 axb4 32.axb4 Bxc5 33.dxc5 b6 34.Kd4 bxc5+ 
35.bxc5 Ra6 36.Kc3 Kc6 0-1

[Event "Open Inverno"]
[Site "Ceriano Laghetto ITA"]
[Date "2008.03.04"]
[Round "5"]
[White "Ronconi, Fausto"]
[Black "Santarelli, Sabatino"]
[Result "1-0"]
[WhiteElo "1733"]
[BlackElo "1593"]
[PlyCount "109"]
[EventDate "2008.02.05"]

1.c4 c5 2.Nc3 Nc6 3.Nf3 Nf6 4.g3 g6 5.Bg2 Bg7 6.O-O O-O 7.d4 cxd4 8.Nxd4 
a6 9.Nxc6 dxc6 10.Rb1 Be6 11.b3 Qc8 12.Re1 Bh3 13.Ne4 Nxe4 14.Bxe4 Bf5 15.
Qc2 e6 16.Bb2 Bxb2 17.Rxb2 Qc7 18.Bxf5 exf5 19.Qc3 Rad8 20.h4 h5 21.Qf3 
Qe5 22.Rc2 Qe4 23.Qxe4 fxe4 24.e3 Rd3 25.Kg2 Rfd8 26.Ree2 c5 27.f3 f5 28.
fxe4 fxe4 29.Kh3 Rf8 30.Rcd2 Rfd8 31.Rxd3 Rxd3 32.g4 Kf7 33.gxh5 gxh5 34.
Kg3 Rd6 35.Kf4 Re6 36.Rd2 b6 37.Rd5 Kg6 38.Rg5+ Kh6 39.Re5 Rg6 40.Kf5 Rg4 
41.Rxe4 Rg2 42.a4 Rf2+ 43.Rf4 Re2 44.e4 Re3 45.e5 Rxb3 46.e6 Rg3 47.e7 Rg8
48.Kf6 b5 49.axb5 axb5 50.cxb5 Rc8 51.Kf7 Rc7 52.Rf6+ Kh7 53.Rc6 Rd7 54.
Rxc5 Rb7 55.Rxh5# 1-0

[Event "Open Inverno"]
[Site "Ceriano Laghetto ITA"]
[Date "2008.03.04"]
[Round "5"]
[White "Schingaro, Angelo"]
[Black "Lapiccirella, Mattia"]
[Result "0-1"]
[WhiteElo "1683"]
[BlackElo "2240"]
[PlyCount "64"]
[EventDate "2008.02.05"]

1.e4 c5 2.Nf3 Nc6 3.d4 cxd4 4.Nxd4 Nf6 5.Nc3 d6 6.Bg5 e6 7.Qd2 a6 8.O-O-O 
Nxd4 9.Qxd4 Be7 10.f3 b5 11.Kb1 Bb7 12.Nxb5 axb5 13.Bxb5+ Kf8 14.a4 h6 15.
Be3 Qc7 16.Rd3 d5 17.Rc3 Qd8 18.e5 Nd7 19.b4 g6 20.Kb2 Kg7 21.a5 Nb8 22.
Ra1 Ba6 23.Bc6 Nxc6 24.Rxc6 Qd7 25.Rb6 Rhc8 26.Ra3 Rc4 27.Qd2 h5 28.Bg5 
Bxg5 29.Qxg5 Rc6 30.Rxc6 Qxc6 31.Rc3 Bc4 32.g4 Qb7 0-1

[Event "Open Inverno"]
[Site "Ceriano Laghetto ITA"]
[Date "2008.03.04"]
[Round "5"]
[White "Viale, Fabio"]
[Black "Pellegrini, Fabio"]
[Result "0-1"]
[WhiteElo "1809"]
[BlackElo "1428"]
[PlyCount "61"]
[EventDate "2008.02.05"]

1.d4 d5 2.c4 c6 3.Nf3 h6 4.Nc3 e6 5.e4 Bb4 6.Qc2 Bxc3+ 7.bxc3 Nf6 8.e5 
Nfd7 9.c5 b6 10.cxb6 axb6 11.Bd3 Ba6 12.O-O Bxd3 13.Qxd3 c5 14.Bf4 c4 15.
Qd2 Nc6 16.Rfb1 O-O 17.Re1 f6 18.h4 fxe5 19.dxe5 Nc5 20.Bxh6 gxh6 21.Qxh6 
Rxf3 22.gxf3 Qf8 23.Qg5+ Qg7 24.Qxg7+ Kxg7 25.Kh2 Kh7 26.Re3 Nd3 27.Kg2 
Ndxe5 28.f4 Rg8+ 29.Kf1 Ng4 30.Rxe6 Nh2+ 31.Ke2 0-1

[Event "Open Inverno"]
[Site "Ceriano Laghetto ITA"]
[Date "2008.03.11"]
[Round "6"]
[White "Cervini, Gian Piero"]
[Black "Regorda, Vittorio"]
[Result "0-1"]
[WhiteElo "1767"]
[BlackElo "1863"]
[PlyCount "94"]
[EventDate "2008.02.05"]

1.e4 c6 2.d4 d5 3.Nc3 dxe4 4.Nxe4 h6 5.Nf3 Bf5 6.Ng3 Bh7 7.Bd3 Bxd3 8.Qxd3
Nf6 9.b3 e6 10.Bb2 Nbd7 11.O-O Be7 12.c4 O-O 13.Rab1 Qa5 14.a3 Rad8 15.b4 
Qc7 16.Rfd1 Rfe8 17.Ne4 Nxe4 18.Qxe4 Bf6 19.Ne5 Nxe5 20.dxe5 Rxd1+ 21.Rxd1
Bg5 22.h4 Be7 23.h5 Rd8 24.Rxd8+ Qxd8 25.Qd4 Qxd4 26.Bxd4 a6 27.Kf1 b5 28.
c5 Bg5 29.Bb2 f6 30.exf6 Bxf6 31.Bxf6 gxf6 32.Ke2 Kf7 33.g4 f5 34.f3 Kf6 
35.Ke3 Kg5 36.Kd4 Kf4 37.g5 e5+ 38.Kd3 Kxg5 39.Ke3 Kxh5 40.f4 e4 41.Kd4 
Kg4 42.Ke5 e3 43.Kd6 e2 44.Kxc6 e1=Q 45.Kb6 Qe8 46.c6 Qc8 47.c7 h5 0-1

[Event "Open Inverno"]
[Site "Ceriano Laghetto ITA"]
[Date "2008.03.11"]
[Round "6"]
[White "Clerici, Samuele"]
[Black "Zampar, Andrea"]
[Result "0-1"]
[WhiteElo "1608"]
[BlackElo "1481"]
[PlyCount "36"]
[EventDate "2008.02.05"]

1.e4 c5 2.f4 Nf6 3.Nc3 d6 4.Nf3 Nc6 5.Bc4 e6 6.Qe2 a6 7.a3 b5 8.Ba2 Bb7 9.
d3 Be7 10.O-O O-O 11.e5 dxe5 12.fxe5 Nd7 13.Bf4 Qc7 14.Rae1 Rac8 15.Qf2 
Nd4 16.Nxd4 cxd4 17.Ne4 Qxc2 18.Qxd4 Bc5 0-1

[Event "Open Inverno"]
[Site "Ceriano Laghetto ITA"]
[Date "2008.03.11"]
[Round "6"]
[White "Conta, Diego"]
[Black "Napoli, Ferdinando"]
[Result "0-1"]
[WhiteElo "1890"]
[BlackElo "1802"]
[PlyCount "62"]
[EventDate "2008.02.05"]

1.d4 Nf6 2.c4 g6 3.Nc3 Bg7 4.Bg5 d6 5.Qd2 Nbd7 6.Bh6 O-O 7.Bxg7 Kxg7 8.Nf3
Re8 9.e4 e5 10.d5 Nc5 11.Qc2 a5 12.Be2 Nh5 13.g3 f5 14.h3 Rf8 15.Nd2 Nf6 
16.f3 Nh5 17.Rg1 Nxg3 18.O-O-O Nxe2+ 19.Nxe2 fxe4 20.fxe4 Bxh3 21.Rg3 Bd7 
22.Rdg1 Qe7 23.Nf3 Rf6 24.Nc3 Raf8 25.Qe2 Qf7 26.Ng5 Rf1+ 27.Nd1 Qf4+ 28.
Kc2 Rxg1 29.Rxg1 h6 30.Ne6+ Bxe6 31.dxe6 Nxe6 0-1

[Event "Open Inverno"]
[Site "Ceriano Laghetto ITA"]
[Date "2008.03.11"]
[Round "6"]
[White "De Dominicis, Arrigo"]
[Black "Marelli, Vittorio"]
[Result "0-1"]
[WhiteElo "1453"]
[BlackElo "1439"]
[PlyCount "98"]
[EventDate "2008.02.05"]

1.e4 e5 2.Bc4 Nf6 3.Nf3 Nc6 4.Ng5 d5 5.exd5 Nxd5 6.d3 f6 7.Nf3 Na5 8.Bxd5 
Qxd5 9.Nc3 Bb4 10.Bd2 Bxc3 11.Bxc3 Nc6 12.Qd2 Bg4 13.Qe2 O-O-O 14.h3 Bxf3 
15.gxf3 Nd4 16.Bxd4 Qxd4 17.Rb1 Rhe8 18.Rg1 g6 19.Rg4 Qd5 20.b3 Qa5+ 21.
Kf1 Qxa2 22.Qd1 Qa6 23.Ra1 Qb6 24.Rga4 a6 25.Qd2 Rd4 26.b4 Qc6 27.Ra5 Qxf3
28.Qc3 Qxh3+ 29.Ke1 Qd7 30.b5 Re6 31.bxa6 Rxa6 32.Rxa6 bxa6 33.Rxa6 Rd6 
34.Ra8+ Kb7 35.Qa5 Rb6 36.Ra7+ Kc6 37.Qa4+ Kd6 38.Qa3+ Ke6 39.Qa2+ Qd5 40.
Qxd5+ Kxd5 41.Rxc7 Rb1+ 42.Kd2 h5 43.Rg7 g5 44.c4+ Ke6 45.Ke3 h4 46.Kf3 
Rg1 47.c5 h3 48.c6 h2 49.Rh7 h1=Q+ 0-1

[Event "Open Inverno"]
[Site "Ceriano Laghetto ITA"]
[Date "2008.03.11"]
[Round "6"]
[White "Isella, Lorenzo"]
[Black "Gagliardi, Christian"]
[Result "1/2-1/2"]
[WhiteElo "1931"]
[BlackElo "2186"]
[PlyCount "59"]
[EventDate "2008.02.05"]

1.d4 g6 2.c4 Bg7 3.Nc3 d6 4.e4 Nc6 5.Be3 e5 6.Nge2 Nf6 7.f3 O-O 8.Qd2 a6 
9.d5 Ne7 10.g3 c5 11.dxc6 bxc6 12.Rd1 Be6 13.Qxd6 Qxd6 14.Rxd6 Bxc4 15.Nc1
Be6 16.Be2 Rfb8 17.b3 Bf8 18.Rd1 c5 19.Bxc5 Rc8 20.Nd3 Nd7 21.Na4 Nxc5 22.
Ndxc5 Bh3 23.Bf1 Bxf1 24.Rxf1 Nf5 25.exf5 Bxc5 26.Nxc5 Rxc5 27.fxg6 hxg6 
28.Ke2 a5 29.Rc1 Rb5 30.Rfd1 1/2-1/2

[Event "Open Inverno"]
[Site "Ceriano Laghetto ITA"]
[Date "2008.03.11"]
[Round "6"]
[White "Lapiccirella, Mattia"]
[Black "Morandi, Daniele"]
[Result "1-0"]
[WhiteElo "2240"]
[BlackElo "1999"]
[PlyCount "73"]
[EventDate "2008.02.05"]

1.d4 Nf6 2.c4 g6 3.Nc3 Bg7 4.e4 d6 5.Be2 O-O 6.Nf3 e5 7.d5 Nbd7 8.Be3 Ng4 
9.Bg5 f6 10.Bd2 f5 11.Ng5 Nc5 12.h3 Nf6 13.exf5 Bxf5 14.g4 Bd3 15.b4 h6 
16.bxc5 Bxe2 17.Qxe2 hxg5 18.Bxg5 c6 19.O-O Qa5 20.Ne4 cxd5 21.cxd5 Nxe4 
22.Qxe4 Qxc5 23.Rac1 Qd4 24.Qxg6 Qxd5 25.Rc7 Rf7 26.Rxf7 Qxf7 27.Qxd6 Qxa2
28.Rc1 Rf8 29.Be3 e4 30.Rc7 Rf7 31.Rxf7 Qb1+ 32.Kg2 Kxf7 33.Qd7+ Kg8 34.
Qe6+ Kh7 35.Qf7 Kh8 36.Qe8+ Kh7 37.g5 1-0

[Event "Open Inverno"]
[Site "Ceriano Laghetto ITA"]
[Date "2008.03.11"]
[Round "6"]
[White "Milan, Raffaele"]
[Black "Bertuolo, Sergio"]
[Result "1/2-1/2"]
[WhiteElo "1640"]
[BlackElo "1523"]
[PlyCount "45"]
[EventDate "2008.02.05"]

1.Nf3 Nf6 2.d4 d6 3.g3 Nbd7 4.Bg2 e6 5.c4 c5 6.O-O cxd4 7.Nxd4 Nc5 8.b4 
Ncd7 9.Bb2 Be7 10.Nd2 O-O 11.N2f3 Nb6 12.Qc2 e5 13.Nb5 a6 14.Na3 Bd7 15.c5
Rc8 16.Qb1 dxc5 17.bxc5 Bxc5 18.Nxe5 Bc6 19.Nxc6 bxc6 20.Qc2 Qe7 21.Bxf6 
gxf6 22.Nc4 Nd5 23.e3 1/2-1/2

[Event "Open Inverno"]
[Site "Ceriano Laghetto ITA"]
[Date "2008.03.11"]
[Round "6"]
[White "Moioli, Ferruccio"]
[Black "Guzzetti, Luigi Enrico"]
[Result "0-1"]
[WhiteElo "1566"]
[BlackElo "1933"]
[PlyCount "68"]
[EventDate "2008.02.05"]

1.d4 Nf6 2.Nc3 g6 3.e4 d6 4.Bg5 Bg7 5.Bc4 c6 6.Nf3 b5 7.Bb3 O-O 8.h3 b4 9.
Bxf6 Bxf6 10.Ne2 Qc7 11.O-O Nd7 12.Rc1 c5 13.c4 a5 14.Nf4 Nb6 15.Nd5 Nxd5 
16.cxd5 Bd7 17.a4 Rac8 18.Bc4 cxd4 19.Nxd4 Qb6 20.Nb5 Bxb2 21.Rc2 Bg7 22.
Qd3 f5 23.Re2 Be5 24.Kh1 fxe4 25.Qb3 Qc5 26.Rxe4 Rxf2 27.Rxf2 Qxf2 28.Rxe5
dxe5 29.d6+ Kf8 30.Qd3 Qc5 31.Qf3+ Bf5 32.Be6 e4 33.Qb3 Qc1+ 34.Kh2 Qf4+ 
0-1

[Event "Open Inverno"]
[Site "Ceriano Laghetto ITA"]
[Date "2008.03.11"]
[Round "6"]
[White "Pellegrini, Fabio"]
[Black "Schingaro, Angelo"]
[Result "0-1"]
[WhiteElo "1428"]
[BlackElo "1683"]
[PlyCount "80"]
[EventDate "2008.02.05"]

1.e4 c5 2.Nf3 e6 3.Nc3 a6 4.d4 cxd4 5.Nxd4 Qc7 6.a3 Nf6 7.Bd3 Bc5 8.Nf3 d6
9.h3 Nc6 10.Bd2 b5 11.b4 Ba7 12.O-O Bb7 13.Ne2 h6 14.Ng3 d5 15.exd5 Nxd5 
16.Re1 Qxg3 17.Qe2 Nf4 18.Bxf4 Qxf4 19.c4 Nd4 20.Nxd4 Bxd4 21.Rad1 Bc3 22.
Rf1 Qg5 23.Be4 Bxe4 24.Qxe4 O-O 25.c5 Rfd8 26.f4 Qf6 27.c6 Rd4 28.Qf3 Rc4 
29.Rd7 Rc8 30.Rd6 Bd4+ 31.Kh1 Bb6 32.f5 Qxf5 33.Qd1 Qc2 34.Qh5 Qg6 35.Qd1 
Rc2 36.Qf3 Rc7 37.Rfd1 Rf2 38.Rd8+ Kh7 39.Qd3 Qxd3 40.R1xd3 Rxc6 0-1

[Event "Open Inverno"]
[Site "Ceriano Laghetto ITA"]
[Date "2008.03.11"]
[Round "6"]
[White "Ronconi, Fausto"]
[Black "Mondini, Francesco"]
[Result "1-0"]
[WhiteElo "1733"]
[BlackElo "1448"]
[PlyCount "73"]
[EventDate "2008.02.05"]

1.c4 e5 2.Nc3 Nc6 3.Nf3 d6 4.g3 f5 5.d3 Nf6 6.Bg5 Be7 7.Bg2 h6 8.Bd2 Be6 
9.Qb3 Qd7 10.Nh4 g5 11.Ng6 Rg8 12.Nxe7 Kxe7 13.Nd5+ Bxd5 14.cxd5 Nd4 15.
Qc4 Qb5 16.Qxc7+ Qd7 17.Rc1 Rac8 18.Qxd7+ Kxd7 19.Kf1 Rxc1+ 20.Bxc1 Rc8 
21.Bd2 Rc2 22.Ke1 Rxb2 23.e3 Rb1+ 24.Bc1 Rxc1+ 25.Kd2 Rxh1 26.Bxh1 Nb5 27.
h4 Nc7 28.e4 f4 29.Bf3 Na6 30.hxg5 hxg5 31.gxf4 exf4 32.d4 g4 33.e5 dxe5 
34.dxe5 gxf3 35.exf6 Nc7 36.f7 Ke7 37.d6+ 1-0

[Event "Open Inverno"]
[Site "Ceriano Laghetto ITA"]
[Date "2008.03.11"]
[Round "6"]
[White "Viale, Fabio"]
[Black "Bencivenga, Antonio"]
[Result "1/2-1/2"]
[WhiteElo "1809"]
[BlackElo "1332"]
[PlyCount "67"]
[EventDate "2008.02.05"]

1.d4 Nf6 2.c4 g6 3.Nc3 d6 4.e4 Bg7 5.Be2 O-O 6.Nf3 e5 7.O-O Nc6 8.d5 Ne7 
9.Ne1 c5 10.Nd3 Kh8 11.f3 Nfg8 12.Be3 f5 13.b4 f4 14.Bf2 b6 15.bxc5 bxc5 
16.Qa4 Bd7 17.Qa3 Nc8 18.Rab1 Nb6 19.Nb2 Qg5 20.Kh1 Qh6 21.Nb5 Rfc8 22.
Nxd6 Rf8 23.Bxc5 Rf6 24.Bxb6 g5 25.c5 Qh4 26.c6 Bf8 27.Nbc4 Kg7 28.cxd7 
Ne7 29.d8=Q Rxd8 30.Bxd8 Rh6 31.h3 Qg3 32.Nf5+ Nxf5 33.Rb7+ Kg8 34.Qxa7 
1/2-1/2

[Event "Open Inverno"]
[Site "Genova ITA"]
[Date "2008.03.05"]
[Round "5"]
[White "Manfredi, Vincenzo"]
[Black "Astengo, Marcello"]
[Result "1-0"]
[WhiteElo "2129"]
[BlackElo "2039"]
[PlyCount "61"]
[EventDate "2008.02.06"]

1. d4 d5 2. c4 e6 3. Nc3 c6 4. Nf3 dxc4 5. e3 b5 6. a4 Bb4 7. Bd2 a5 8. axb5
Bxc3 9. Bxc3 cxb5 10. b3 Bb7 11. d5 Nf6 12. bxc4 b4 13. Bxf6 Qxf6 14. Qa4+ Nd7
15. Nd4 e5 16. Nb3 Ke7 17. Be2 Rhc8 18. O-O Nc5 19. Nxc5 Rxc5 20. f4 e4 21. Qd1
Ba6 22. Qb1 Kf8 23. Qxe4 Re8 24. Qxh7 Rxe3 25. Qh8+ Ke7 26. d6+ Kxd6 27. Qa8
Rxe2 28. Rad1+ Ke6 29. f5+ Rxf5 30. Qe8+ Qe7 31. Qc6+ 1-0

[Event "C.to Provinciale MI"]
[Site "Milano ITA"]
[Date "2008.02.09"]
[Round "1"]
[White "Altieri, Danilo Mario"]
[Black "Parise, Mariano"]
[Result "1-0"]
[WhiteElo "1989"]
[BlackElo "1604"]
[PlyCount "57"]
[EventDate "2008.02.09"]

1. Nf3 d5 2. d4 Nf6 3. c3 e6 4. Bg5 Be7 5. e3 b6 6. Bd3 Bb7 7. Bxf6 Bxf6 8.
Nbd2 Nd7 9. b4 e5 10. Bc2 e4 11. Ng1 Be7 12. Ne2 Nf6 13. Ba4+ c6 14. b5 c5 15.
dxc5 Bxc5 16. Nd4 Qd7 17. Bb3 O-O 18. a4 Ng4 19. h3 Ne5 20. Bc2 f5 21. N2b3 Bd6
22. Qh5 g6 23. Qg5 Kg7 24. g4 h6 25. Qh4 g5 26. Qh5 fxg4 27. hxg4 Nxg4 28. Bd1
Qf5 29. Nxf5+ 1-0

[Event "C.to Provinciale MI"]
[Site "Milano ITA"]
[Date "2008.02.09"]
[Round "1"]
[White "Arboscelli, Gregorio"]
[Black "Zermian, Federico"]
[Result "1-0"]
[WhiteElo "1902"]
[BlackElo "1545"]
[PlyCount "57"]
[EventDate "2008.02.09"]

1. d4 d5 2. c4 e6 3. Nc3 Nf6 4. Bg5 Be7 5. e3 O-O 6. Rc1 h6 7. Bh4 c6 8. Nf3
Nbd7 9. Bd3 Qc7 10. O-O dxc4 11. Bxc4 e5 12. Bxf6 Bxf6 13. d5 cxd5 14. Bxd5 a6
15. Ne4 Qb6 16. Qc2 Qb5 17. Rfd1 Qb6 18. Rd3 Qb5 19. Nd6 Qc5 20. Qxc5 Nxc5 21.
Rdc3 Be7 22. Nxc8 Raxc8 23. b4 Nd3 24. Rxc8 Nxc1 25. Rxc1 Bxb4 26. Bxb7 Ba5 27.
Rc8 Rxc8 28. Bxc8 Bb6 29. e4 1-0

[Event "C.to Provinciale MI"]
[Site "Milano ITA"]
[Date "2008.02.09"]
[Round "1"]
[White "Bisignano, Giuseppe"]
[Black "Rossini, Luca"]
[Result "0-1"]
[WhiteElo "1959"]
[BlackElo "1560"]
[PlyCount "106"]
[EventDate "2008.02.09"]

1. e4 c5 2. Nc3 d6 3. Nf3 Nf6 4. d4 cxd4 5. Nxd4 g6 6. Be2 Bg7 7. Be3 O-O 8.
O-O Nc6 9. a4 Nxd4 10. Bxd4 Be6 11. f4 Rc8 12. f5 Bc4 13. b3 Bxe2 14. Qxe2 d5
15. e5 Ne4 16. Nxe4 dxe4 17. c3 Qd5 18. Rab1 Bxe5 19. Rfd1 Rcd8 20. fxg6 fxg6
21. Bxa7 Qc6 22. c4 Qc7 23. h3 b6 24. Qxe4 Bd6 25. Qd5+ Rf7 26. Kh1 Qxa7 27.
Rf1 Rdf8 28. Qe6 Qc7 29. Rxf7 Rxf7 30. Rf1 Bf4 31. g3 Qd6 32. Qe4 Bxg3 33. Rxf7
Kxf7 34. b4 Qf6 35. Qe2 Qf2 36. Qxf2+ Bxf2 37. Kg2 Bd4 38. Kf3 Ke6 39. Ke4 Bf2
40. Kd3 Kd6 41. Ke2 Bd4 42. Kd3 e5 43. c5+ bxc5 44. b5 Kc7 45. a5 h5 46. h4 Bf2
47. Ke4 Bxh4 48. Kxe5 Be1 49. a6 Kb6 50. Kd6 h4 51. a7 Kxa7 52. Kc6 h3 53. Kc7
Bg3+ 0-1

[Event "C.to Provinciale MI"]
[Site "Milano ITA"]
[Date "2008.02.10"]
[Round "2"]
[White "Bracci, Andrea"]
[Black "Altieri, Danilo Mario"]
[Result "0-1"]
[WhiteElo "1799"]
[BlackElo "1989"]
[PlyCount "84"]
[EventDate "2008.02.09"]

1. e4 d5 2. exd5 Nf6 3. d4 Nxd5 4. c4 Nb6 5. Nc3 g6 6. c5 Nd5 7. Bc4 c6 8. Qf3
e6 9. Nh3 Bg7 10. Bxd5 exd5 11. Qe3+ Qe7 12. Qxe7+ Kxe7 13. Be3 Bxh3 14. gxh3
Nd7 15. Kd2 f5 16. Rae1 Kf7 17. h4 Bf6 18. Bg5 Rhe8 19. Kd3 Nf8 20. Re3 Bg7 21.
h5 Rxe3+ 22. fxe3 gxh5 23. Rf1 Kg6 24. Rg1 Kf7 25. Rf1 Ke6 26. Ne2 Ng6 27. Ng3
h6 28. Nxf5 hxg5 29. Nxg7+ Ke7 30. Nf5+ Ke6 31. Nd6 b6 32. b4 bxc5 33. bxc5 Rb8
34. Kc3 g4 35. a4 Nh4 36. a5 Nf3 37. h3 Rg8 38. a6 g3 39. Rxf3 g2 40. Ne8 g1=Q
41. Rf6+ Ke7 42. Rxc6 Qxe3+ 0-1

[Event "C.to Provinciale MI"]
[Site "Milano ITA"]
[Date "2008.02.10"]
[Round "2"]
[White "Rossini, Luca"]
[Black "Arboscelli, Gregorio"]
[Result "1/2-1/2"]
[WhiteElo "1560"]
[BlackElo "1902"]
[PlyCount "57"]
[EventDate "2008.02.09"]

1. d4 Nf6 2. c4 c5 3. dxc5 b6 4. cxb6 axb6 5. Nc3 g6 6. Bg5 Bg7 7. e3 O-O 8.
Nf3 d6 9. Bd3 Nbd7 10. O-O Bb7 11. Re1 Ra5 12. Bh4 Qa8 13. e4 Rc5 14. b4 Rcc8
15. a4 Rfe8 16. Ra2 Ng4 17. Nd5 Bxd5 18. exd5 Nge5 19. Nxe5 Nxe5 20. Qc2 Rc7
21. Ra3 b5 22. Re4 bxc4 23. Bxc4 Qxd5 24. Bxd5 Rxc2 25. h3 e6 26. Bb3 Rc1+ 27.
Kh2 d5 28. Re2 Rec8 29. a5 1/2-1/2